MIS essentials / (Record no. 47318)

MARC details
000 -LEADER
fixed length control field 00451nam a22001577a 4500
008 - FIXED-LENGTH DATA ELEMENTS--GENERAL INFORMATION
fixed length control field 161117b xxu||||| |||| 00| 0 eng d
020 ## - INTERNATIONAL STANDARD BOOK NUMBER
International Standard Book Number 9780136075615
050 ## - LIBRARY OF CONGRESS CALL NUMBER
Classification number T58.6
Item number .K76 2010
100 ## - MAIN ENTRY--PERSONAL NAME
Personal name Kroenke, David
245 ## - TITLE STATEMENT
Title MIS essentials /
Statement of responsibility, etc David M. Kroenke
260 ## - PUBLICATION, DISTRIBUTION, ETC. (IMPRINT)
Place of publication, distribution, etc Boston :
Name of publisher, distributor, etc Prentice Hall,
Date of publication, distribution, etc c2011
300 ## - PHYSICAL DESCRIPTION
Extent xxx,374p.
Dimensions 28cm.
650 ## - SUBJECT ADDED ENTRY--TOPICAL TERM
Topical term or geographic name as entry element Management information systems
650 ## - SUBJECT ADDED ENTRY--TOPICAL TERM
Topical term or geographic name as entry element Business|xData processing
942 ## - ADDED ENTRY ELEMENTS (KOHA)
Source of classification or shelving scheme Library of Congress Classification
Item type Book
Holdings
Withdrawn status Lost status Source of classification or shelving scheme Damaged status Not for loan Collection code Home library Current library Shelving location Date acquired Source of acquisition Total Checkouts Full call number Barcode Date last borrowed Copy number Price effective from Koha item type Cost, normal purchase price
    Library of Congress Classification     Non-fiction Nairobi Campus Nairobi Campus General Circulation 17/11/2016 Donation 1 T58.6 .K76 2010 048520 23/02/2017 1 17/11/2016 Book  
    Library of Congress Classification     Non-fiction Nakuru Campus Nakuru Campus General Circulation 09/03/2017 Donation-BFA   T58.6 .K76 2010 051527     09/03/2017 Book 2000.00